[Event "Bucharest Revolution Memorial"]
[Site "Bucharest"]
[Date "2003.12.??"]
[Round "?"]
[White "Munteanu, Dorel"]
[Black "Popa, Constantin Liviu"]
[Result "1-0"]
[WhiteElo "2085"]
[BlackElo "2036"]
[PlyCount "81"]
[EventDate "2003.12.??"]
[EventType "swiss"]
[EventRounds "7"]
[EventCountry "ROU"]
[SourceTitle "EXT 2008"]
[Source "ChessBase"]
[SourceDate "2007.11.25"]
[SourceVersion "1"]
[SourceVersionDate "2007.11.25"]
[SourceQuality "1"]

1. e4 c5 2. Nf3 d6 3. d4 Nf6 4. Nc3 cxd4 5. Nxd4 a6 6. Bc4 e6 7. Bb3 Nbd7 8. 0-0 Be7 9. Bxe6 fxe6 10. Nxe6 Qb6 11. Nxg7+ Kf7 12. Nf5 Ne5 13. Be3 Qc6 14. Nd5 Bxf5 15. Nxe7 Kxe7 16. exf5 Rac8 17. f4 Rhg8 18. g3 Neg4 19. Bd4 Qxc2 20. Re1+ Kf7 21. Qxc2 Rxc2 22. Re6 Ne8 23. Rae1 Rc7 24. h3 Ngf6 25. g4 Nd5 26. Rh6 Nxf4 27. Rxh7+ Ng7 28. f6 Nfe6 29. Rxe6 Kxe6 30. fxg7 Kd5 31. Bc3 Ke4 32. Rh8 Rcc8 33. h4 d5 34. h5 d4 35. Rxg8 Rxg8 36. h6 dxc3 37. bxc3 Rd8 38. h7 Kf3 39. h8Q Rd1+ 40. Kh2 Rd2+ 41. Kh3 1-0